000
00236 a2200097 4500
001
2936
100
_a
Tambian, S, T
245
_a
Magic, science, religion & scope of rationality
260
_a
_b
Cambradge Univ P
_c
090
_c
2228
_d
2228
942
_a
NUST-CAE
_c
M
_c
13647
999
_c
238009
_d
238009